Zeta Tau Alpha Creed - Statistics

General Stats
  • This quiz has been taken 1,091 times
  • The average score is 11 of 29
Answer Stats
Hint Answer % Correct
To realise that within our grasp
98%
in Zeta Tau Alpha
97%
lies the opportunity to learn those things
88%
which will ever enrich and ennoble our lives
87%
to be true to ourselves
82%
and to those within and without our circle
74%
to think in terms of all mankind
71%
to be steadfast, strong, and clean of heart and mind
55%
and our service to the world
55%
remembering that since the thought is father to the deed
52%
should be entertained in thought
43%
only that which we would have manifested in our experience
42%
to find satisfaction in being rather than seeming
37%
thus strengthening in us the higher qualities of the spirit
32%
to prepare for service
27%
thereby earning the right to be served
24%
and learn the nobility of serving
24%
to seek understanding that we might gain true wisdom
17%
to look for the good in everyone
15%
to see beauty
15%
with its enriching influence
14%
to be humble in success
12%
to have the welfare and harmony of the Fraternity at heart
11%
and without bitterness in defeat
11%
without a discordant note
10%
was Love, 'the greatest of all things'
10%
devotion to the Right, the Good, and the True
10%
striving ever to make our lives a symphony of high ideals
9%
remembering always that the foundation precept of Zeta Tau Alpha
8%
No matching quizzes found
Score Distribution
Percent of People with Each Score
Percentile by Number Answered
Your Score History
You have not taken this quiz